000 00356nam a2200133Ia 4500
008 191201s1996 xx 000 0 und d
082 _a677.02864
_bJAP
100 _aJAMES, Ronaldw
245 0 _aPrinting and Dyeing of Fabrics and Plastics
260 _aN.Delhi
_bMahajan Book Distributors
_c1996
300 _a274
650 _aB.Tech(TE)
942 _2ddc
_cBK
999 _c2283
_d2283